Graffiti : arte urbano de los cinco continentes /

Libro que compila trabajos de los artistas más representativos del graffiti; cada trabajo se acompaña de una breve información sobre la historia y características del autor. Los textos iniciales perfilan el origen y evolución del graffiti y señalan la gran diversidad de técnicas, materiales y temáti...

Ful tanımlama

Kaydedildi:
Detaylı Bibliyografya
Yazar: Ganz, Nicholas (ed.)
Diğer Yazarlar: Manco, Tristan (edición) (edición)
Materyal Türü: Kitap
Dil:İspanyolca
Baskı/Yayın Bilgisi: Barcelona, España : Gustavo Gili, 2005, c2004
Konular:
Etiketler: Etiketle
Etiket eklenmemiş, İlk siz ekleyin!

MARC

LEADER 00000nam^a2200000^a^4500
001 000182448
005 20250521000000.0
009 20260310102007.319
020 |a 84-252-1954-X 
037 |a Acervo ITESO - Biblioteca 
041 |a ESP 
082 |a 751. 73  |b GAN 
100 |a Ganz, Nicholas  |e (ed.) 
245 1 0 |a Graffiti :  |b arte urbano de los cinco continentes /  |c Ed. de N. Ganz, T. Manco ; tr. por Emilia Pérez Mata. 
264 4 |a Barcelona, España :  |b Gustavo Gili,  |c 2005, c2004 
300 |a 375 p. 
336 |a texto  |b txt  |2 rdacontenido 
337 |a sin mediación  |b n  |2 rdamedio 
338 |a volumen  |b nc  |2 rdasoporte 
500 |a Traducción de: Graffiti World 
520 |a Libro que compila trabajos de los artistas más representativos del graffiti; cada trabajo se acompaña de una breve información sobre la historia y características del autor. Los textos iniciales perfilan el origen y evolución del graffiti y señalan la gran diversidad de técnicas, materiales y temáticas que supone. 
649 |a XX 
650 |a Graffiti -  |x Tema Principal 
650 |a Graffiti -  |x Historia y Crítica 
650 |a Pintura Mural -  |x Historia y Crítica 
650 |a Pintura Popular -  |x Historia y Crítica 
650 |a Arte Popular -  |x Historia y Crítica 
650 |a Arte Urbano -  |x Historia y Crítica 
650 |a Imagen Urbana 
650 |a Comunicación Escrita 
650 |a Comunicación Visual 
700 |a Manco, Tristan  |e (edición) 
910 |a Fondo General 
920 |a Impresos - Libros 
930 |a Reserva Especial 
905 |a 103 
901 |a 0500122003  |b IT1  |c REE  |u 20250521 
902 |a https://opac.biblio.iteso.mx/vufind/Record/000182448